Symplectic groups /
Guardado en:
| Autor Principal: | |
|---|---|
| Formato: | Libro |
| Idioma: | English |
| Publicado: |
Providence, R.I. :
American Mathematical Society,
1978.
|
| Series: | Mathematical surveys ;
no. 16 |
| Materias: | |
| Etiquetas: |
Agregar Etiqueta
Sin Etiquetas, Sea el primero en etiquetar este registro!
|
| LEADER | 00874cam a22002415a 4500 | ||
|---|---|---|---|
| 001 | MAT.inmabb002877 | ||
| 008 | 780525s1978####riu######b####001#0#eng## | ||
| 005 | 20130304095307.0 | ||
| 245 | 1 | 0 | |a Symplectic groups / |c by O. T. O'Meara. |
| 260 | |a Providence, R.I. : |b American Mathematical Society, |c 1978. | ||
| 300 | |a xi, 122 p. ; |c 26 cm. | ||
| 440 | 0 | |a Mathematical surveys ; |v no. 16 | |
| 500 | |a "Notes taken from lectures given at the University of Notre Dame ... 1974-1975"--Preface. | ||
| 504 | |a Incluye referencias bibliográficas e índice. | ||
| 510 | 4 | |a MR, |c 80a:20045 | |
| 020 | |a 0821815164 | ||
| 100 | 1 | |a O'Meara, O. T. |q (Onorato Timothy), |d 1928- | |
| 650 | 0 | |a Symplectic groups. | |
| 650 | 0 | |a Isomorphisms (Mathematics) | |
| 084 | |a 20G05 (11A25 20E36 20F28) |2 msc2000 | ||
| 010 | |a 78019101 | ||
| 040 | |a DLC |c DLC |d DLC | ||
| 859 | |h 20 |i Om55s |p A-5409 |b BIB. MATEMATICA | ||
